000 01153nam a2200301 i 4500
003 EG-GICUC
005 20260221192112.0
008 260206s1954 ua ||||fr ||| 00| 0 ara d
040 _aEG-GICUC
_cEG-GICUC
_dEG-GICUC
_erda
_bara
041 0 _aara
082 0 4 _221
_a341.84
_bع ز . ق
092 0 4 _221
099 _aLaw1 12 341.84 ع ز . ق 1954
100 0 _aعزالدين عبدالله
_eمؤلف.
245 1 2 _aالقانون الدولي الخاص المصري .
_nالجزء الثاني .
_pتنازع القوانين و تنازع الإختصاص القضائي الدوليين /
_cعزالدين عبدالله.
250 _aالطبعة الثانية
264 0 _aمصر :
_bمكتبة النهضة المصرية,
_c1954.
300 _a770 صفحة ؛
_c30 سم.
336 _atext
_2rda content
337 _aComputer
_2rda media
338 _aOnline Resource
_2rda carrier
546 _aالنص باللغة العربية
650 0 4 _aقانون دولي خاص
650 0 4 _aتنازع القوانين
856 _uhttps://fll.law.cu.edu.eg/fulltext/th/B12-02514.pdf
905 _a59
942 _2ddc
_cBK
_e21
_n0
999 _c61410
_d61410